The role of Muslims as a minority community

Bibliographic Details
Main Author: Wilmot, Fadlullah Clive (Author)
Format: Book
Published: Kuala Lumpur : Pustaka PERKIM , [19--]
Subjects:

MARC

LEADER 00000cam a2200000 7i4500
001 0000006223
005 20030415093000.0
008 021119n
090 0 0 |a BP52.5   |b .R64 
245 0 4 |a The role of Muslims as a minority community   |c editor, Fadlullah Wilmot 
260 2 |a Kuala Lumpur :   |b Pustaka PERKIM ,   |c [19--] 
300 |a 19 p. ;   |c 21 cm. 
650 0 |a Muslims   |z Non-Muslim countries 
700 1 |a Wilmot, Fadlullah Clive ,   |e author 
999 |a 1000001400   |b Book   |c OPEN SHELF (30 DAYS)   |e Gong Badak Campus 
999 |a 1000001401   |b Book   |c OPEN SHELF (30 DAYS)   |e Gong Badak Campus